LEADER 00961nam1-2200325---450- 001 990000539290203316 035 $a0053929 035 $aUSA010053929 035 $a(ALEPH)000053929USA01 035 $a0053929 100 $a20010703g2000||||km-y0itay0103----ba 101 $aITA 102 $aIT 105 $a||||||||001yy 200 1 $aTraduire Le Dernier Village d'André Chamson$fGiulia Papoff 210 $aNapoli$cEdizioni Scientifiche Italiane$d2000- 215 $av.$d24 cm 606 0 $aPoesia$xLinguaggio$xAnalisi strutturale 606 0 $aPoesia$xTraduzioni 676 $a808.1 700 1$aPAPOFF,$bGiulia$0251318 912 $a990000539290203316 951 $aXII B Coll.45$bE.C.$cXII B Coll. 959 $aBK 969 $aECO 979 $aPAOLA$b40$c20010703$lUSA01$h1236 979 $c20020403$lUSA01$h1703 979 $aPATRY$b90$c20040406$lUSA01$h1637 996 $aTraduire Le Dernier Village d'André Chamson$9885705 997 $aUNISA LEADER 01206nam0-2200325-i-450- 001 990009122140403321 005 20100901154917.0 010 $a2-222-02838-8 035 $a000912214 035 $aFED01000912214 035 $a(Aleph)000912214FED01 035 $a000912214 100 $a20091127d1982----km-y0itay50------ba 101 0 $afre 102 $aFR 105 $ay-------001yy 200 1 $a<>importance de l'exploration maritime au siècle des Lumières$eà propos du voyage de Bougainville$fCentre national de la recherche scientifique, Laboratoire associé n. 211, Histoire maritime, Table ronde, Paris, 8 et 9 décembre 1978$gorganisée par M. Mollat et É. Taillemite 210 $aParis$cÉditions du C.N.R.S$d1982 215 $a189 p.$d25 cm 676 $a508 702 1$aMollat du Jourdin,$bMichel$f<1911-1996> 702 1$aTaillemite,$bÉtienne$f<1924- > 710 02$aCentre national de la recherche scientifique$c$0214149 801 0$aIT$bUNINA$gRICA$2UNIMARC 901 $aBK 912 $a990009122140403321 952 $aSDI-KG 769$b2527$fSDI 959 $aSDI 996 $aImportance de l'exploration maritime au siècle des Lumières$9783614 997 $aUNINA